Central Library OPAC University of Rajshahi
Normal view MARC view

Entry Personal Name

Number of records used in: 3

001 - CONTROL NUMBER

  • control field: 10624

003 - CONTROL NUMBER IDENTIFIER

  • control field: BD-RjUL

005 - DATE AND TIME OF LATEST TRANSACTION

  • control field: 20231220143642.0

008 - FIXED-LENGTH DATA ELEMENTS

  • fixed length control field: 231220|| aca||aabn | a|a d

040 ## - CATALOGING SOURCE

  • Original cataloging agency: BD-RjUL
  • Transcribing agency: BD-RjUL

100 ## - HEADING--PERSONAL NAME

  • Personal name: ‏بن اسفنديار، محمد بن الحسن.‏ ;; Ibn Isfandiyār, Muḥammad ibn al-Ḥasan,
  • Dates associated with a name: active 1210-1216

670 ## - SOURCE DATA FOUND

  • Source citation: Work cat.: (BD-RjUL)82506: نامه تنسر به گشنسپ / Nāmah-ʼi Tansar bih Gushnasp /, 1932.